1439 1021 1929 1471 1351 1712 1334 1751 1196 1055 1557 1113 1368 1980 1686 1253 1214 1432 1777 1442 1038 1376 1458 1145 1040 1935 1759 1552 1333 1374 1502 1142 1902 1858 1478 1807 1454 1889 1309 1567 1233 1947 1550 1117 1029 1901 1119 1247 1618 1700 1405 1611 1688 1772 1533 1346 1842 1758 1791 1274 1368 1352 1219 1509 1705 1933 1715 1970 1043 1400 1080 1342 1039 1313 1976 1652 1764 1831 1604 1820 1549 1418 1296 1668 1129 1917 1815 1131 1360 1686 1033 1679 1341 1780 1851 1253 1352 1664 1059 BCNSPRNW ULIB Ver.6.0+V

เปลี่ยนเป็นภาษาไทย

Change to English
 แสดงรายละเอียดบรรณานุกรม
  กลับหน้าหลัก

Brief Record : Get Marc (ISO 2709) : E-mail record : QR code < ปิดหน้าต่าง
LEADER : 00000nam 2200000uu 4500
001    13399114921
003     ULIB
008    120621s2554||||th 000 0 tha d
020    ^a9786167036267
050  4 ^aBJ1486^bว181ค
100 0  ^aวรภัทร์ ภู่เจริญ
245 10 ^aสุขได้อีก...เยอะเล้ย/^cวรภัทร์ ภู่เจิรญ
250    ^aพิมพ์ครั้งที่ 5
260    ^aกรุงเทพฯ :^bดีเอ็มจี,^c2554
300    ^a170 หน้า
650  7 ^aความสุข
945    ^p195^l0^i032126
945    ^p195^l0^i032127
945    ^p195^l0^i032128
995    ^a เกษร
999    ^aใช้งานได้ทุกระบบ
รายการนี้ยังไม่มีแท็ก
คุณยังไม่ได้ล็อกอิน คุณสามารถมีกิจกรรมร่วมกับเว็บไซต์ได้ แต่ต้องล็อกอินก่อน ::
  ล็อกอิน

รายการสื่อสารสนเทศ

ลำดับที่ ประเภท เลขเรียก/บาร์โค้ด สถานที่ สถานะ
- ไม่พบข้อมูล -

รายการใกล้เคียง
    หัวเรื่อง [ความสุข]

BibComment


ยังไม่เคยถูกคอมเมนท์

คอมเมนท์ทรัพยากรรายการนี้
  คอมเมนท์: สุขได้อีกเยอะเล้..


 Copyright 2026. Bcnsprnw @Library